| 000 | 00635pam a2200229 a 4500 | ||
|---|---|---|---|
| 001 | 1895385 | ||
| 005 | 20180115044332.0 | ||
| 008 | 840215s1984 maua d 000 0 eng | ||
| 010 | _a 84003799 | ||
| 020 | _a039533957X | ||
| 040 |
_aDLC _cDLC _dDLC |
||
| 041 | _aeng | ||
| 080 | _a423 KEL | ||
| 082 | 0 | 0 |
_a423 KEL _219 |
| 100 | _a23 | ||
| 101 | _aFJA | ||
| 245 | 0 | 0 | _aWebster's II new Riverside university dictionary. |
| 740 | 0 | _aWebster's two new Riverside university dictionary. | |
| 740 | 0 | _aWebster's 2 new Riverside university dictionary. | |
| 906 |
_a7 _bcbc _corignew _d1 _eocip _f19 _gy-gencatlg |
||
| 942 |
_2ddc _cBK |
||
| 999 |
_c40244 _d40244 |
||